[Event "RUS-ch Blitz Men 2018"]
[Site "Sochi"]
[Date "2018.10.07"]
[Round "18"]
[White "Nazaretyan, Tigran"]
[Black "Gutenev, Alexander"]
[Result "0-1"]
[WhiteElo "2248"]
[BlackElo "2456"]
[Annotator "ChessBase"]
[PlyCount "117"]
[EventDate "2018.10.07"]
[EventType "swiss"]
[EventCountry "RUS"]
[SourceTitle "playchess.com"]
[Source "ChessBase"]
[SourceQuality "1"]

1. d4 Nf6 2. c4 g6 3. Nc3 d5 4. Nf3 Bg7 5. Bg5 Ne4 6. Bh4 Nxc3 7. bxc3 dxc4 8. Qa4+ Nd7 9. e3 c5 10. Bxc4 O-O 11. Qa3 cxd4 12. Bxe7 Qc7 13. Bxf8 Bxf8 14. Qb3 Nc5 15. Bxf7+ Qxf7 16. Qxf7+ Kxf7 17. cxd4 Ne4 18. Ne5+ Ke6 19. f3 Nd6 20. Kf2 Bg7 21. Nd3 b6 22. a4 Ba6 23. Nf4+ Kd7 24. a5 b5 25. Rhc1 Nc4 26. Nd3 Bf8 27. Rab1 Rc8 28. Nb4 Bb7 29. a6 Ba8 30. e4 Bh6 31. Rd1 Nb6 32. Rb2 Rc3 33. Nd3 Na4 34. Rxb5 Rc2+ 35. Kg3 Nc3 36. Rb8 Bxe4 37. Nc5+ Kc7 38. Rh8 Nxd1 39. Rxh7+ Kb6 40. fxe4 Rc3+ 41. Kh4 Be3 42. Rb7+ Kc6 43. Rxa7 Bxd4 44. Ra8 Bxc5 45. a7 Kb7 46. Rd8 Bxa7 47. Rxd1 Rc2 48. Kh3 Kc6 49. Rf1 Bd4 50. Rf7 Kd6 51. g3 Ke6 52. Rf4 Bg1 53. Kg4 Rxh2 54. Kg5 Be3 55. Kxg6 Bxf4 56. gxf4 Rg2+ 57. Kh5 Re2 58. e5 Kf5 59. Kh6 0-1

[Event "RUS-ch Blitz Men 2018"]
[Site "Sochi"]
[Date "2018.10.07"]
[Round "19"]
[White "Artemiev, Vladislav"]
[Black "Morozevich, Alexander"]
[Result "1-0"]
[WhiteElo "2706"]
[BlackElo "2656"]
[Annotator "TA"]
[PlyCount "129"]
[EventDate "2018.10.07"]
[EventType "swiss"]
[EventCountry "RUS"]
[SourceTitle "playchess.com"]
[Source "ChessBase"]
[SourceQuality "1"]

1. e4 c5 2. Nf3 e6 3. g3 Nc6 4. Bg2 Nf6 5. Qe2 Be7 6. O-O O-O 7. Rd1 e5 8. c3 Re8 9. Na3 Bf8 10. d3 d5 11. exd5 Nxd5 12. Ng5 h6 13. Ne4 f5 14. Nd2 Be6 15. Nac4 Bf7 16. Nf3 Qf6 17. Nh4 Rad8 18. Re1 g5 19. Nf3 e4 20. dxe4 Rxe4 21. Ne3 Nxe3 22. Bxe3 f4 23. Nxg5 Rxe3 24. fxe3 hxg5 25. exf4 gxf4 26. Qg4+ Bg7 27. Rf1 Ne5 28. Qxf4 Qxf4 29. Rxf4 Rd2 30. Raf1 Bxa2 31. Ra4 Bc4 32. Re1 Ba6 33. Rf4 Kh7 34. b4 cxb4 35. cxb4 Bd3 36. Bxb7 Bg6 37. Rc1 Nd3 38. Rh4+ Kg8 39. Bd5+ Kf8 40. Rf1+ Ke7 41. Rg4 Ne5 42. Rxg6 Nxg6 43. Rf7+ Kd6 44. Rxg7 Ne5 45. Ba8 Ra2 46. h4 Ke6 47. Rc7 Kf5 48. Rg7 Kf6 49. Rg8 Rb2 50. h5 Rxb4 51. h6 Nf7 52. h7 Rb5 53. h8=Q+ Nxh8 54. Rxh8 a5 55. Rh6+ Kg5 56. Ra6 Kg4 57. Kh2 Rb2+ 58. Bg2 Ra2 59. Rg6+ Kf5 60. Rc6 a4 61. Rc5+ Kg4 62. Rc4+ Kg5 63. Kh3 a3 64. Rc5+ Kf6 65. Ra5 1-0

[Event "RUS-ch Blitz Men 2018"]
[Site "Sochi"]
[Date "2018.10.07"]
[Round "19"]
[White "Tomashevsky, Evgeny"]
[Black "Linker, Mikhail"]
[Result "1-0"]
[WhiteElo "2705"]
[BlackElo "2269"]
[Annotator "TA"]
[PlyCount "125"]
[EventDate "2018.10.07"]
[EventType "swiss"]
[EventCountry "RUS"]
[SourceTitle "playchess.com"]
[Source "ChessBase"]
[SourceQuality "1"]

1. c4 Nf6 2. Nc3 c5 3. Nf3 g6 4. d4 cxd4 5. Nxd4 Bg7 6. e4 d6 7. Be2 Nc6 8. Be3 O-O 9. O-O Nxd4 10. Bxd4 Be6 11. Qd2 Rc8 12. b3 b6 13. Rac1 Qd7 14. f3 Qb7 15. Rfd1 Rfd8 16. Bf1 Nd7 17. Bf2 Ne5 18. Nd5 Kf8 19. h3 Bxd5 20. exd5 a5 21. Re1 Re8 22. Re2 a4 23. f4 Nd7 24. b4 a3 25. Re3 Bb2 26. Rc2 Nf6 27. Rxb2 axb2 28. Qxb2 b5 29. cxb5 Qxd5 30. Re1 Kg8 31. a4 Ne4 32. Be3 Ng3 33. b6 Nxf1 34. Rxf1 Qd3 35. Qd4 Qxd4 36. Bxd4 Rc4 37. Be3 Rxb4 38. Ra1 Ra8 39. a5 Ra6 40. Kf2 Rb2+ 41. Kf3 e5 42. fxe5 dxe5 43. Ke4 Rb5 44. Bd2 Rbxb6 45. axb6 Rxa1 46. Kxe5 Rb1 47. Be3 Kf8 48. Kd6 Ke8 49. Kc7 Rb3 50. b7 Rc3+ 51. Kd6 Rb3 52. Kc6 Rxb7 53. Kxb7 Kd7 54. Bf4 Ke6 55. Kc6 f6 56. Kc5 Kf5 57. Bc7 h5 58. Kd6 g5 59. Ke7 g4 60. h4 g3 61. Bxg3 Kg4 62. Be1 f5 63. Kf6 1-0

[Event "RUS-ch Blitz Men 2018"]
[Site "Sochi"]
[Date "2018.10.07"]
[Round "19"]
[White "Dubov, Daniil"]
[Black "Bocharov, Ivan"]
[Result "1/2-1/2"]
[WhiteElo "2703"]
[BlackElo "2563"]
[Annotator "TA"]
[PlyCount "130"]
[EventDate "2018.10.07"]
[EventType "swiss"]
[EventCountry "RUS"]
[SourceTitle "playchess.com"]
[Source "ChessBase"]
[SourceQuality "1"]

1. d4 d5 2. c4 c6 3. Nf3 Nf6 4. g3 Bf5 5. Nc3 e6 6. Nh4 Be4 7. f3 Bg6 8. cxd5 cxd5 9. e3 Nc6 10. Qb3 Qb6 11. Qxb6 axb6 12. Nxg6 hxg6 13. Be2 Bd6 14. Kf2 Ke7 15. Bd2 Rhc8 16. Rhc1 Na5 17. Nb5 Nc4 18. Bxc4 Rxc4 19. Rxc4 dxc4 20. e4 Ne8 21. e5 Bb8 22. a4 Nc7 23. Nd6 b5 24. a5 Ba7 25. Be3 Rb8 26. Rc1 b6 27. a6 f6 28. b3 Kd7 29. bxc4 bxc4 30. Nxc4 b5 31. Nd6 b4 32. Ke2 b3 33. Rb1 Nxa6 34. Ne4 f5 35. Nd2 b2 36. Nc4 Rb4 37. Kd3 Nc7 38. Rxb2 Rxb2 39. Nxb2 Nd5 40. Bd2 Bb6 41. Nc4 Bc7 42. Na3 Kc6 43. Nc2 Bb6 44. Ne1 Ba7 45. Ng2 Kd7 46. Nh4 Ne7 47. Bb4 Nc6 48. Bc3 Ne7 49. f4 Bb6 50. Bb4 Nc6 51. Bc5 Bxc5 52. dxc5 g5 53. Nf3 gxf4 54. gxf4 Nb4+ 55. Kc4 Nd5 56. Nd4 Nxf4 57. c6+ Kc7 58. Kc5 Nd3+ 59. Kb5 Nf4 60. h4 g6 61. Kc5 Nd3+ 62. Kb5 Nf4 63. Kc5 Nd3+ 64. Kb5 Nf4 65. Kc5 Nd3+ 1/2-1/2

[Event "RUS-ch Blitz Men 2018"]
[Site "Sochi"]
[Date "2018.10.07"]
[Round "19"]
[White "Sjugirov, Sanan"]
[Black "Savchenko, Boris"]
[Result "1/2-1/2"]
[WhiteElo "2654"]
[BlackElo "2562"]
[Annotator "TA"]
[PlyCount "138"]
[EventDate "2018.10.07"]
[EventType "swiss"]
[EventCountry "RUS"]
[SourceTitle "playchess.com"]
[Source "ChessBase"]
[SourceQuality "1"]

1. e4 e6 2. d4 d5 3. Nd2 Be7 4. Ngf3 c5 5. exd5 Qxd5 6. dxc5 Nf6 7. Bc4 Qc6 8. Qe2 O-O 9. O-O Na6 10. Ne5 Qc7 11. Ndf3 Nxc5 12. Bf4 Qb6 13. c3 Bd7 14. Rad1 Rfd8 15. Be3 Qc7 16. Bf4 Qb6 17. Rd4 Be8 18. Rfd1 Rxd4 19. Rxd4 h6 20. h3 Rd8 21. Be3 Qc7 22. Rxd8 Qxd8 23. Bd4 a6 24. Qe3 Qc7 25. Bf1 Nd5 26. Qd2 b5 27. c4 bxc4 28. Bxc4 a5 29. b3 Nb6 30. Qxa5 Qd6 31. Bf1 Nd5 32. Qa8 Nc7 33. Qc8 Bf8 34. Nc4 Qe7 35. Be5 Nb5 36. a4 Na7 37. Qb8 Nc6 38. Qb6 Nd7 39. Qxc6 Nxe5 40. Qe4 Nxf3+ 41. Qxf3 Qc5 42. Qe3 Qb4 43. Qb6 Bc5 44. Qd8 Kf8 45. a5 Qe1 46. Qd2 Qxd2 47. Nxd2 Bb4 48. Nc4 Bb5 49. Ne5 Bxf1 50. Kxf1 Bxa5 51. Ke2 Bc7 52. Nc6 Ke8 53. b4 Kd7 54. Nd4 Bb6 55. Nf3 Kd6 56. Nd2 Kd5 57. f3 f5 58. Kd3 g5 59. Nc4 Bf2 60. b5 Kc5 61. b6 Kc6 62. g4 Bxb6 63. Ne5+ Kd5 64. Nf7 Bc5 65. Nxh6 Ke5 66. gxf5 exf5 67. Nf7+ Kf6 68. Nd8 Bd6 69. Nc6 Bf4 1/2-1/2

[Event "RUS-ch Blitz Men 2018"]
[Site "Sochi"]
[Date "2018.10.07"]
[Round "19"]
[White "Riazantsev, Alexander"]
[Black "Antipov, Mikhail Al."]
[Result "1-0"]
[WhiteElo "2649"]
[BlackElo "2593"]
[Annotator "TA"]
[PlyCount "93"]
[EventDate "2018.10.07"]
[EventType "swiss"]
[EventCountry "RUS"]
[SourceTitle "playchess.com"]
[Source "ChessBase"]
[SourceQuality "1"]

1. d4 Nf6 2. c4 c6 3. Nc3 d5 4. e3 a6 5. Nf3 Bf5 6. cxd5 cxd5 7. Ne5 Nc6 8. Be2 h5 9. Qb3 Rb8 10. Nxc6 bxc6 11. Qa4 Qc7 12. Qxa6 e6 13. Qa4 Bd6 14. h3 Kf8 15. Qd1 g5 16. Bd3 Ne4 17. Nxe4 dxe4 18. Be2 Kg7 19. b3 g4 20. Bb2 f6 21. Qc2 g3 22. O-O-O gxf2 23. Rhf1 Bg3 24. Bc4 Qa5 25. Kb1 Ra8 26. a4 Rhb8 27. Rxf2 Bxf2 28. Qxf2 Rb4 29. Rc1 Rab8 30. Ka2 Qb6 31. Qc2 Kf7 32. Ba3 Rxc4 33. Qxc4 Rg8 34. Rc2 Rg3 35. Bc5 Qb8 36. Qc3 h4 37. Rf2 Rg7 38. Ka3 Qg3 39. Qd2 Qb8 40. Rf4 Ke8 41. Rxh4 Qg3 42. Rh8+ Kf7 43. Rf8+ Kg6 44. Qe2 Kg5 45. Rh8 Bh7 46. a5 Kg6 47. a6 1-0

[Event "RUS-ch Blitz Men 2018"]
[Site "Sochi"]
[Date "2018.10.07"]
[Round "19"]
[White "Sarana, Alexey"]
[Black "Oparin, Grigoriy"]
[Result "1/2-1/2"]
[WhiteElo "2641"]
[BlackElo "2624"]
[Annotator "TA"]
[PlyCount "223"]
[EventDate "2018.10.07"]
[EventType "swiss"]
[EventCountry "RUS"]
[SourceTitle "playchess.com"]
[Source "ChessBase"]
[SourceQuality "1"]

1. Nf3 Nf6 2. d4 b6 3. c4 e6 4. g3 Bb7 5. Bg2 Be7 6. O-O O-O 7. Nc3 Ne4 8. Bd2 Bf6 9. Be1 Nxc3 10. Bxc3 Be4 11. Ne5 Bxg2 12. Kxg2 c5 13. dxc5 bxc5 14. Qd6 a5 15. Rfd1 Be7 16. Qd2 d6 17. Nd3 Nc6 18. e4 e5 19. Qc2 Qb6 20. Qa4 Rfc8 21. b3 h5 22. Ne1 Nd4 23. Qd7 Rc7 24. Qh3 g6 25. Bxd4 cxd4 26. Nd3 a4 27. Rab1 Qb7 28. f3 axb3 29. axb3 Ra2+ 30. Kh1 Bg5 31. c5 Be3 32. cxd6 Rcc2 33. Ra1 Rxh2+ 34. Qxh2 Rxh2+ 35. Kxh2 Qc6 36. Nxe5 Qxd6 37. Nc4 Qb4 38. Rd3 g5 39. Kg2 g4 40. Rh1 Qb5 41. Rh4 f5 42. Rxh5 gxf3+ 43. Kh3 f2 44. Rd1 Qxb3 45. Nxe3 Qxe3 46. Rxf5 Qe1 47. Rxd4 f1=Q+ 48. Rxf1 Qxf1+ 49. Kg4 Qe2+ 50. Kf4 Qf2+ 51. Ke5 Qxg3+ 52. Kd5 Kf7 53. e5 Qf3+ 54. Kd6 Qa3+ 55. Kd5 Qb3+ 56. Ke4 Qb7+ 57. Kf4 Ke7 58. Rd6 Qb4+ 59. Kf5 Qb1+ 60. Kf4 Qf1+ 61. Ke4 Qe2+ 62. Kf4 Qc2 63. Rf6 Qc4+ 64. Kf5 Qd3+ 65. Kf4 Qd2+ 66. Ke4 Qe2+ 67. Kd4 Qg4+ 68. Kd5 Qg2+ 69. Kd4 Qh3 70. Ke4 Qc3 71. Rd6 Qc4+ 72. Kf5 Qf1+ 73. Ke4 Qg2+ 74. Kf4 Qf2+ 75. Ke4 Qg3 76. Rf6 Qb3 77. Rd6 Qc4+ 78. Kf5 Ke8 79. Re6+ Kf7 80. Rf6+ Ke7 81. Rd6 Qh4 82. Rf6 Qh5+ 83. Ke4 Qg4+ 84. Kd5 Qd1+ 85. Ke4 Qe2+ 86. Kd4 Qb2+ 87. Ke4 Qc3 88. Rd6 Qc4+ 89. Kf5 Qb4 90. Rf6 Qd4 91. Rd6 Qe3 92. Re6+ Kd7 93. Rd6+ Ke7 94. Re6+ Kf7 95. Rf6+ Kg7 96. Rg6+ Kh7 97. Rf6 Qd4 98. Rd6 Qe3 99. Rf6 Qf3+ 100. Ke6 Qe4 101. Kd6 Kg7 102. Ke6 Qg4+ 103. Kd5 Qb4 104. Rd6 Qf4 105. Rf6 Qe3 106. Kd6 Qe4 107. Ke6 Qd4 108. Rf7+ Kg6 109. Rf6+ Kg5 110. Rf5+ Kg4 111. Rf6 Qe4 112. Kd6 1/2-1/2

[Event "RUS-ch Blitz Men 2018"]
[Site "Sochi"]
[Date "2018.10.07"]
[Round "19"]
[White "Alekseenko, Kirill"]
[Black "Vastrukhin, Oleg"]
[Result "1-0"]
[WhiteElo "2639"]
[BlackElo "2413"]
[Annotator "TA"]
[PlyCount "77"]
[EventDate "2018.10.07"]
[EventType "swiss"]
[EventCountry "RUS"]
[SourceTitle "playchess.com"]
[Source "ChessBase"]
[SourceQuality "1"]

1. e4 e6 2. d4 d5 3. Nd2 c5 4. exd5 exd5 5. Ngf3 Nc6 6. Bb5 Bd6 7. O-O Nge7 8. dxc5 Bxc5 9. Nb3 Bb6 10. c3 O-O 11. Bd3 a5 12. a4 h6 13. h3 Qd6 14. Re1 Ng6 15. Be3 Bxe3 16. Rxe3 Nf4 17. Nbd4 Bd7 18. Bc2 Rae8 19. Rxe8 Rxe8 20. Qd2 Qf6 21. Re1 Rxe1+ 22. Qxe1 Nxd4 23. Nxd4 Qg5 24. g3 Nxh3+ 25. Kf1 Qf6 26. f4 Ng5 27. Kg2 Ne6 28. Nf3 d4 29. Ne5 Bc6+ 30. Be4 dxc3 31. Bxc6 bxc6 32. Qxc3 g5 33. f5 Ng7 34. g4 h5 35. Qxa5 Qd6 36. Qa8+ Kh7 37. Qh8+ Kxh8 38. Nxf7+ Kg8 39. Nxd6 1-0

[Event "RUS-ch Blitz Men 2018"]
[Site "Sochi"]
[Date "2018.10.07"]
[Round "19"]
[White "Rakhmanov, Aleksandr"]
[Black "Paravyan, David"]
[Result "1/2-1/2"]
[WhiteElo "2634"]
[BlackElo "2629"]
[Annotator "TA"]
[PlyCount "123"]
[EventDate "2018.10.07"]
[EventType "swiss"]
[EventCountry "RUS"]
[SourceTitle "playchess.com"]
[Source "ChessBase"]
[SourceQuality "1"]

1. Nf3 d5 2. g3 g6 3. Bg2 Bg7 4. d4 Nf6 5. O-O c6 6. Nbd2 O-O 7. c4 a5 8. b3 Bf5 9. Bb2 Ne4 10. Nh4 Nxd2 11. Qxd2 Be6 12. Nf3 h6 13. cxd5 cxd5 14. Ne5 Nd7 15. Nd3 Nf6 16. Nc5 Bc8 17. Rac1 b6 18. Na4 Qd6 19. Qf4 Qxf4 20. gxf4 Rb8 21. Ba3 Re8 22. Rc7 Ba6 23. Re1 Bf8 24. e3 e6 25. Bxf8 Kxf8 26. Rec1 Bb5 27. Bf1 Bxa4 28. bxa4 Re7 29. R7c6 Ne4 30. Bb5 g5 31. f5 exf5 32. Rxh6 Kg7 33. Rhc6 f4 34. exf4 gxf4 35. f3 Ng5 36. Kf2 Re3 37. R6c3 Rh8 38. Rxe3 fxe3+ 39. Kxe3 Rxh2 40. Rc6 Rxa2 41. Rxb6 Ra3+ 42. Kf4 Nxf3 43. Rb7 Nxd4 44. Be8 Rf3+ 45. Ke5 Nc2 46. Kxd5 Nb4+ 47. Kd6 Kf8 48. Bb5 Re3 49. Ra7 Re6+ 50. Kc5 Re5+ 51. Kd4 Rh5 52. Ke3 Rh3+ 53. Kf4 Rh4+ 54. Kg3 Rd4 55. Rxa5 f5 56. Kf3 Ke7 57. Ra7+ Kd6 58. a5 Kc5 59. Rb7 Rd1 60. a6 Ra1 61. a7 Nc6 62. Bxc6 1/2-1/2

[Event "RUS-ch Blitz Men 2018"]
[Site "Sochi"]
[Date "2018.10.07"]
[Round "19"]
[White "Ponkratov, Pavel"]
[Black "Alekseev, Evgeny"]
[Result "0-1"]
[WhiteElo "2628"]
[BlackElo "2620"]
[Annotator "TA"]
[PlyCount "109"]
[EventDate "2018.10.07"]
[EventType "swiss"]
[EventCountry "RUS"]
[SourceTitle "playchess.com"]
[Source "ChessBase"]
[SourceQuality "1"]

1. c4 c5 2. Nf3 Nc6 3. e3 Nf6 4. Nc3 e6 5. d4 d5 6. cxd5 exd5 7. Bb5 Bd6 8. dxc5 Bxc5 9. O-O O-O 10. Ne2 Bg4 11. Bxc6 bxc6 12. Qc2 Qd6 13. Ng3 Bb6 14. Nd4 c5 15. Ndf5 Qe6 16. b3 Ne4 17. f3 Bxf5 18. fxe4 Bxe4 19. Qc3 d4 20. exd4 cxd4 21. Qd2 f5 22. Ba3 Rf7 23. Rae1 Re8 24. Kh1 Qd5 25. Nh5 Ba5 26. b4 Bb6 27. Qg5 Qd8 28. Qg3 Bc7 29. Qh3 d3 30. Bb2 d2 31. Rd1 Bc2 32. Nxg7 Bxd1 33. Nxe8 Qxe8 34. Qc3 Be5 35. Qxd2 Bxb2 36. Qxb2 Qe2 37. Qxe2 Bxe2 38. Re1 Bd3 39. Kg1 Rc7 40. Re3 Be4 41. g4 Kf7 42. gxf5 Bxf5 43. Re5 Kf6 44. Ra5 Kg5 45. Kf2 Kf4 46. Ke2 Be4 47. h4 h5 48. Kd2 Kg4 49. Ke3 Bh1 50. b5 Kxh4 51. Kf2 Rf7+ 52. Ke3 Kg4 53. Ra4+ Kg3 54. Ra3 Rf3+ 55. Kd4 0-1

[Event "RUS-ch Blitz Men 2018"]
[Site "Sochi"]
[Date "2018.10.07"]
[Round "19"]
[White "Kobalia, Mikhail"]
[Black "Gutenev, Alexander"]
[Result "1-0"]
[WhiteElo "2620"]
[BlackElo "2456"]
[Annotator "ChessBase"]
[PlyCount "77"]
[EventDate "2018.10.07"]
[EventType "swiss"]
[EventCountry "RUS"]
[SourceTitle "playchess.com"]
[Source "ChessBase"]
[SourceQuality "1"]

1. e4 c5 2. Nf3 Nc6 3. Bb5 g6 4. Bxc6 bxc6 5. O-O Bg7 6. Re1 Nh6 7. c3 O-O 8. d4 Qb6 9. h3 d5 10. e5 a5 11. Nbd2 a4 12. Nf1 Kh8 13. Ng3 Nf5 14. Nxf5 Bxf5 15. dxc5 Qxc5 16. Nd4 Bd7 17. Bg5 a3 18. b4 Qxc3 19. Bxe7 Rfe8 20. Bd6 Qc4 21. Rc1 Qa6 22. Re3 Bh6 23. Rec3 Rac8 24. Rb1 Bg7 25. f4 f6 26. Re3 fxe5 27. Bxe5 Qb6 28. Kh1 Kg8 29. Rbb3 Re7 30. Bxg7 Rxg7 31. Re5 Rf8 32. Qd2 Rgf7 33. Rf3 Bf5 34. Rxa3 c5 35. bxc5 Qxc5 36. Rc3 Qa5 37. Nxf5 Rxf5 38. Rxf5 gxf5 39. Rg3+ 1-0

[Event "RUS-ch Blitz Men 2018"]
[Site "Sochi"]
[Date "2018.10.07"]
[Round "19"]
[White "Gordievsky, Dmitry"]
[Black "Shcherbakov, Ruslan"]
[Result "0-1"]
[WhiteElo "2615"]
[BlackElo "2516"]
[Annotator "ChessBase"]
[PlyCount "72"]
[EventDate "2018.10.07"]
[EventType "swiss"]
[EventCountry "RUS"]
[SourceTitle "playchess.com"]
[Source "ChessBase"]
[SourceQuality "1"]

1. Nf3 Nf6 2. c4 e6 3. b3 d5 4. Bb2 Be7 5. e3 O-O 6. Nc3 c5 7. cxd5 exd5 8. d4 Nc6 9. Be2 Bg4 10. O-O Bxf3 11. Bxf3 cxd4 12. exd4 Re8 13. a3 Qd7 14. b4 Qf5 15. Ne2 Ne4 16. Ng3 Nxg3 17. hxg3 Bf6 18. Qd2 a6 19. Rac1 Rad8 20. Rfe1 Rxe1+ 21. Rxe1 h5 22. a4 Bg5 23. Qc3 Bf6 24. Rd1 Rc8 25. Qd2 g6 26. b5 axb5 27. axb5 Nd8 28. Rc1 Bg5 29. Rxc8 Bxd2 30. Rxd8+ Kg7 31. Ba3 Qb1+ 32. Kh2 Be1 33. Bd6 Bxf2 34. Be5+ f6 35. Rd7+ Kh6 36. Bf4+ g5 0-1

[Event "RUS-ch Blitz Men 2018"]
[Site "Sochi"]
[Date "2018.10.07"]
[Round "19"]
[White "Chigaev, Maksim"]
[Black "Kezin, Roman"]
[Result "1-0"]
[WhiteElo "2599"]
[BlackElo "2471"]
[Annotator "TA"]
[PlyCount "147"]
[EventDate "2018.10.07"]
[EventType "swiss"]
[EventCountry "RUS"]
[SourceTitle "playchess.com"]
[Source "ChessBase"]
[SourceQuality "1"]

1. e4 c5 2. Nf3 e6 3. d3 Nc6 4. g3 Nf6 5. Bg2 Be7 6. O-O d6 7. Ng5 h6 8. Nh3 d5 9. exd5 Nxd5 10. Nc3 Nf6 11. Nf4 O-O 12. Ne4 Rb8 13. Nxf6+ Bxf6 14. Nh5 Bg5 15. Bf4 Bxf4 16. Nxf4 Nd4 17. c3 Nf5 18. Re1 b6 19. Be4 Bb7 20. Qf3 Nd6 21. Bxb7 Rxb7 22. Rad1 Rd7 23. d4 cxd4 24. cxd4 Re8 25. Qg4 Qg5 26. Qe2 Nf5 27. d5 e5 28. Ng2 Rdd8 29. Qe4 Nd4 30. h4 Qh5 31. g4 Qg6 32. Qxg6 fxg6 33. Re3 Rxd5 34. Kf1 Red8 35. Red3 Kf7 36. Ne3 R5d7 37. Kg2 Rc8 38. R3d2 Rdc7 39. b3 Kg8 40. Nc4 Rc5 41. Nxe5 Rxe5 42. Rxd4 Re2 43. R1d2 Rc2 44. Rxe2 Rxe2 45. a4 Rb2 46. Rd3 Kh7 47. g5 hxg5 48. hxg5 Kg8 49. Kf3 a5 50. Ke3 Kf8 51. f4 Ke7 52. Kd4 Kd6 53. Kc4+ Kc6 54. Kd4 Rf2 55. Ke3 Rb2 56. Kd4 Rf2 57. Ke4 Re2+ 58. Kd4 Rf2 59. Rc3+ Kd6 60. Ke3 Rb2 61. Ke4 Re2+ 62. Kd4 Rd2+ 63. Kc4 Kc6 64. Re3 Rf2 65. Re6+ Kd7 66. Rxb6 Rxf4+ 67. Kc3 Rf5 68. Rxg6 Rf7 69. Ra6 Rf5 70. Ra7+ Kc6 71. Rxg7 Kc5 72. Rb7 Rf3+ 73. Kb2 Kc6 74. Rb5 1-0

[Event "RUS-ch Blitz Men 2018"]
[Site "Sochi"]
[Date "2018.10.07"]
[Round "19"]
[White "Timofeev, Artyom"]
[Black "Derjabin, Ilja"]
[Result "1-0"]
[WhiteElo "2580"]
[BlackElo "2345"]
[Annotator "ChessBase"]
[PlyCount "109"]
[EventDate "2018.10.07"]
[EventType "swiss"]
[EventCountry "RUS"]
[SourceTitle "playchess.com"]
[Source "ChessBase"]
[SourceQuality "1"]

1. c4 c5 2. Nf3 Nf6 3. Nc3 g6 4. d4 Bg7 5. e4 cxd4 6. Nxd4 O-O 7. Be3 Nc6 8. Nc2 d6 9. Be2 Bd7 10. O-O a6 11. Rc1 Rc8 12. Qd2 Ng4 13. Bxg4 Bxg4 14. b3 Qa5 15. Nd4 Bd7 16. Rfd1 Rfe8 17. Nxc6 bxc6 18. c5 Bxc3 19. Qxc3 Qxc3 20. Rxc3 d5 21. exd5 cxd5 22. Rxd5 Bc6 23. Rd2 Red8 24. Rcd3 Rxd3 25. Rxd3 f6 26. f3 Kf7 27. Kf2 Bb5 28. Rd2 Bc6 29. h4 h5 30. Ke2 Bb5+ 31. Kd1 Bc6 32. Kc2 Rg8 33. Kc3 g5 34. hxg5 fxg5 35. Kb4 g4 36. Ka5 gxf3 37. gxf3 Rg3 38. Kxa6 Bxf3 39. b4 h4 40. b5 h3 41. Bf4 Rg6+ 42. c6 Bxc6 43. bxc6 Rxc6+ 44. Kb5 Rf6 45. Bh2 e5 46. a4 Ke6 47. a5 Rf1 48. Ra2 Rb1+ 49. Kc4 Rc1+ 50. Kd3 Rc8 51. a6 Ra8 52. Ke4 Kd6 53. Bxe5+ Kc6 54. a7 Kb7 55. Bb8 1-0

[Event "RUS-ch Blitz Men 2018"]
[Site "Sochi"]
[Date "2018.10.07"]
[Round "19"]
[White "Pridorozhni, Aleksei"]
[Black "Demidov, Mikhail"]
[Result "1/2-1/2"]
[WhiteElo "2574"]
[BlackElo "2514"]
[Annotator "ChessBase"]
[PlyCount "88"]
[EventDate "2018.10.07"]
[EventType "swiss"]
[EventCountry "RUS"]
[SourceTitle "playchess.com"]
[Source "ChessBase"]
[SourceQuality "1"]

1. e4 Nf6 2. Nc3 d6 3. f4 d5 4. e5 d4 5. exf6 dxc3 6. fxg7 cxd2+ 7. Qxd2 Qxd2+ 8. Bxd2 Bxg7 9. O-O-O Nc6 10. Bb5 Bd7 11. Ne2 a6 12. Ba4 O-O-O 13. Bc3 Rhg8 14. g3 b5 15. Bb3 e6 16. Bxg7 Rxg7 17. Nc3 Na5 18. Ne4 Bc6 19. Rxd8+ Kxd8 20. Rd1+ Ke7 21. Nc5 Nxb3+ 22. axb3 a5 23. Na6 h5 24. b4 axb4 25. Nxb4 Bb7 26. Nd3 h4 27. Rg1 hxg3 28. hxg3 Rh7 29. Kd2 Rh2+ 30. Kc3 Be4 31. b4 Kd6 32. Rd1 Ke7 33. Re1 Bxd3 34. Kxd3 Rg2 35. Re3 Kd6 36. c3 f6 37. Ke4 Rg1 38. Rd3+ Ke7 39. Kf3 f5 40. Kf2 Rc1 41. Ke3 Rc2 42. Kd4 Kd6 43. Ke3+ Ke7 44. Kd4 Kd6 1/2-1/2

[Event "RUS-ch Blitz Men 2018"]
[Site "Sochi"]
[Date "2018.10.07"]
[Round "19"]
[White "Rozum, Ivan"]
[Black "Grachev, Boris"]
[Result "1-0"]
[WhiteElo "2573"]
[BlackElo "2626"]
[Annotator "ChessBase"]
[PlyCount "137"]
[EventDate "2018.10.07"]
[EventType "swiss"]
[EventCountry "RUS"]
[SourceTitle "playchess.com"]
[Source "ChessBase"]
[SourceQuality "1"]

1. c4 e6 2. Nc3 d5 3. e3 Nf6 4. Nf3 dxc4 5. Bxc4 a6 6. a4 b6 7. O-O Bb7 8. Qe2 Bb4 9. Rd1 O-O 10. e4 Nbd7 11. d3 h6 12. h3 Qe7 13. Bf4 c5 14. Bb3 Rfd8 15. Nd2 Bxc3 16. bxc3 b5 17. Bc2 Nf8 18. Rdb1 Bc6 19. Nb3 Ng6 20. Be3 c4 21. dxc4 bxc4 22. Nd2 Ne5 23. Bd4 Ng6 24. Nxc4 e5 25. Bb6 Nf4 26. Qe3 Rdb8 27. Bc5 Rxb1+ 28. Rxb1 Qe6 29. Nd6 Qa2 30. Bd3 Nxd3 31. Qxd3 Qxa4 32. f3 Nh5 33. Qc4 Qxc4 34. Nxc4 f6 35. Na5 Ba4 36. Be3 Rc8 37. c4 Nf4 38. Bxf4 exf4 39. Rb6 Bc2 40. Nc6 Rc7 41. c5 Ba4 42. Nd4 Rxc5 43. Rxa6 Bd7 44. Ra7 Bc8 45. Ra8 Kh7 46. Ra7 Rc4 47. Ne2 Rc2 48. Nxf4 Kg8 49. Nd5 Be6 50. Ra8+ Kh7 51. Nf4 Bf7 52. Ra7 Kg8 53. Kh2 g5 54. Nd3 h5 55. h4 gxh4 56. Nf4 Rb2 57. Kh3 Rb1 58. Kxh4 Rh1+ 59. Kg3 Rc1 60. Ra6 Kg7 61. Ra7 Kg8 62. Rd7 Ra1 63. Ne2 Rh1 64. Nd4 h4+ 65. Kf2 Rd1 66. Rd6 Rd2+ 67. Kg1 Kf8 68. Rd8+ Kg7 69. Nf5+ 1-0

[Event "RUS-ch Blitz Men 2018"]
[Site "Sochi"]
[Date "2018.10.07"]
[Round "19"]
[White "Yuffa, Daniil"]
[Black "Tekeyev, Zaur"]
[Result "1-0"]
[WhiteElo "2563"]
[BlackElo "2392"]
[Annotator "RC"]
[PlyCount "65"]
[EventDate "2018.10.07"]
[EventType "swiss"]
[EventCountry "RUS"]
[SourceTitle "playchess.com"]
[Source "ChessBase"]
[SourceQuality "1"]

1. d4 Nf6 2. c4 g6 3. g3 Bg7 4. Bg2 O-O 5. Nc3 d6 6. Nf3 Nbd7 7. O-O e5 8. e4 Re8 9. h3 exd4 10. Nxd4 a6 11. Re1 Rb8 12. Rb1 c5 13. Nc2 Ne5 14. Ne3 b5 15. cxb5 axb5 16. b4 c4 17. Bf1 Bb7 18. f3 Nh5 19. g4 Nxf3+ 20. Qxf3 Bxc3 21. gxh5 Bxe1 22. Ng4 Qe7 23. Bb2 c3 24. Bxc3 Bxc3 25. Qxc3 Qg5 26. Bg2 gxh5 27. Nf6+ Kh8 28. Nxe8+ f6 29. Qxf6+ Qxf6 30. Nxf6 Ra8 31. Rc1 Rxa2 32. Rc7 Ra7 33. Rxh7# 1-0

[Event "RUS-ch Blitz Men 2018"]
[Site "Sochi"]
[Date "2018.10.07"]
[Round "19"]
[White "Bocharov, Dmitry"]
[Black "Esipenko, Andrey"]
[Result "0-1"]
[WhiteElo "2557"]
[BlackElo "2609"]
[Annotator "ChessBase"]
[PlyCount "84"]
[EventDate "2018.10.07"]
[EventType "swiss"]
[EventCountry "RUS"]
[SourceTitle "playchess.com"]
[Source "ChessBase"]
[SourceQuality "1"]

1. e4 c6 2. d4 d5 3. e5 Bf5 4. Nd2 e6 5. Nb3 Nd7 6. Nf3 a6 7. Be3 Qc7 8. Rc1 h6 9. Be2 Ne7 10. O-O Bh7 11. Re1 Nf5 12. Bd2 Be7 13. Bd3 O-O 14. c4 dxc4 15. Rxc4 Rfe8 16. Qc2 Bg6 17. Ba5 Qb8 18. h3 Bf8 19. Nbd2 Ne7 20. Bxg6 Nxg6 21. Ne4 b6 22. Bd2 c5 23. dxc5 bxc5 24. Bc3 Nb6 25. b3 Nxc4 26. bxc4 Qc7 27. h4 Qc6 28. h5 Ne7 29. Nd6 Red8 30. Nd2 Nc8 31. N6e4 Nb6 32. Re3 Kh8 33. Rg3 Ra7 34. Rg4 Rad7 35. Qc1 Rd3 36. Nf1 Nxc4 37. Qf4 Qc7 38. Nfg3 Rxc3 39. Nxc3 Nxe5 40. Nge4 f5 41. Rg6 fxe4 42. Rxe6 Nf3+ 0-1

[Event "RUS-ch Blitz Men 2018"]
[Site "Sochi"]
[Date "2018.10.07"]
[Round "19"]
[White "Lobanov, Sergei"]
[Black "Gochelashvili, David"]
[Result "1-0"]
[WhiteElo "2539"]
[BlackElo "2419"]
[Annotator "TA"]
[PlyCount "41"]
[EventDate "2018.10.07"]
[EventType "swiss"]
[EventCountry "RUS"]
[SourceTitle "playchess.com"]
[Source "ChessBase"]
[SourceQuality "1"]

1. e4 c5 2. Nf3 d6 3. d4 Nf6 4. Nc3 cxd4 5. Nxd4 g6 6. Be3 Bg7 7. f3 Nc6 8. Qd2 O-O 9. O-O-O d5 10. exd5 Nxd5 11. Nxc6 bxc6 12. Bd4 Bxd4 13. Qxd4 Qb6 14. Na4 Qa5 15. b3 Qc7 16. Nc5 Rd8 17. c4 Qa5 18. Na4 Bf5 19. cxd5 Rxd5 20. Qc3 Rxd1+ 21. Kxd1 1-0